书目信息 |
| 题名: |
汽车底盘构造与维修
|
|
| 作者: | 王杨 主编 | |
| 分册: | ||
| 出版信息: | 天津 天津科学技术出版社 2020.8 |
|
| 页数: | 320页 | |
| 开本: | 26cm | |
| 丛书名: | ||
| 单 册: | ||
| 中图分类: | U463.1 , U472.41 | |
| 科图分类: | ||
| 主题词: | 汽车--底盘--构造--教材 , 汽车--底盘--维修--教材 , 汽车 , 底盘 | |
| 电子资源: | ||
| ISBN: | 978-7-5308-5427-3 | |
| 000 | 00935nam0 2200301 45 | |
| 001 | 012001001261 | |
| 005 | 20140913111437.0 | |
| 010 | @a978-7-5308-5427-3@dCNY36.80 | |
| 100 | @a20100322d2010 em y0chiy0110 ea | |
| 101 | 0 | @achi |
| 102 | @aCN@b120000 | |
| 105 | @aa z 000yy | |
| 106 | @ar | |
| 200 | 1 | @a汽车底盘构造与维修@Aqi che di pan gou zao yu wei xiu@f王杨主编 |
| 210 | @a天津@c天津科学技术出版社@d2020.8 | |
| 215 | @a320页@c图@d26cm | |
| 300 | @a21世纪汽车专业“十一五”规划新教材 | |
| 304 | @a封面责任者误题:王扬 | |
| 330 | @a本书分为五个项目,内容包括:汽车底盘相关知识的介绍、汽车传动系、汽车行驶系、汽车转向系、汽车制动系。 | |
| 606 | 0 | @a汽车@x底盘@x构造@j教材 |
| 606 | 0 | @a汽车@x底盘@x维修@j教材 |
| 606 | 0 | @a汽车 |
| 606 | 0 | @a底盘 |
| 690 | @aU463.1@v4 | |
| 690 | @aU472.41@v4 | |
| 701 | 0 | @a王杨@Awang yang@c(汽车)@4主编 |
| 801 | 0 | @aCN@bBJSDL@c20211011 |
| 905 | @b1333675-8@dU463.1@e1037@f4 | |
| 汽车底盘构造与维修/王杨主编.-天津:天津科学技术出版社,2020.8 |
| 320页:图;26cm |
| 21世纪汽车专业“十一五”规划新教材 |
| ISBN 978-7-5308-5427-3:CNY36.80 |
| 本书分为五个项目,内容包括:汽车底盘相关知识的介绍、汽车传动系、汽车行驶系、汽车转向系、汽车制动系。 |
| ● |
| 相关链接 |
|
|
|
|
正题名:汽车底盘构造与维修
索取号:U463.1/1037
 
预约/预借
| 序号 | 登录号 | 条形码 | 馆藏地/架位号 | 状态 | 备注 |
| 1 | 1333675 | 213336754 | 第二样本阅览室/ [索取号:U463.1/1037] | 在馆 | |
| 2 | 1333676 | 213336763 | 第三借阅区/ [索取号:U463.1/1037] | 在馆 | |
| 3 | 1333677 | 213336772 | 第三借阅区/ [索取号:U463.1/1037] | 在馆 | |
| 4 | 1333678 | 213336781 | 第三借阅区/ [索取号:U463.1/1037] | 在馆 |